01015nas a2200253Ia 4500001001100000003000900011008004100020040001300061040001300074041001200087100004900099210002600148222002600174245011900200250001100319260002700330501008600357300001700443362002600460500018300486650004300669700002000712700002900732R110/G7127IT-RoPAU151124c99999999xx |||||||||||| ||und|| aIT-RoPAU cIT-RoPAU aTEDESCO aBrosius Hans-BerndgCodice Aut. SPICS: 45400 aCOMMUNICATIO SOCIALIS aCommunicatio Socialis aCOMMUNICATIO SOCIALIS, ANNO 34-N.1 (2001)bMassenmedien Und Suizid: Praktische Konsequenzen Aus Dem Werther-Effekt a1a ed. aMAINZbGRUNEWALDc2001 bPaulus - SPICS - Società San Paolo EM (non-commercial uses only)cCopyright2015 a21 p. [9-29] aANNO 034, N.01 (2001) aMass Media e Suicidio: Suicidio Conseguenza dell'Effetto Werther? Ipotesi del Fenomeno. Vaie Valutazioni e Riflessioni Sul Suicidio, e Suo Rapporto con L'Influsso dei Mass Media. aCOMUNICAZIONEvPUBBLICAZIONE PERIODICA aZiegler Walther gCodice Aut. SPICS: 55548